000 00969nam a22002537a 4500
001 5680
003 FISKH
005 20250820093027.0
008 250113b cb ||||| |||| 00| 0 eng d
020 _a9780439275910
040 _aFISKH
_beng
_cFISKH
_dFISKH
050 _aQH541.S3
082 _a577.7
100 _aBennett, Paul
245 _aUnder the ocean :
_bAn enlightening and in-depeth look at all aspects of light in the world's oceans /
_cby Paul Bennett
250 _aFirst printing , March 2001
260 _aNew York :
_bScholastic ;
_c1999.
300 _a31 pages :
_bcolor illustrations, maps ;
_c25 cm .
490 _aThe natural world
520 _aFocusing on the wildlife, each book in this series shows how the different regions of the world are home to a diverse range of animal and plant species, all of which co-exist and depend on each other for survival.
650 _ageography
_vnon-fiction
942 _2ddc
_cBK
_n0
999 _c5680
_d5680